00282nam a2200109Ia 4500008004100000020001400041082001200055100001500067245002900082260003100111300003000142250814s9999 xx 000 0 und d a705406474 a938 LEV aPeter Levi 0aAtlas of the Greek World aLondonbTime Life UKc1980 a239 p. ; col. ill.; 30cm.